000 00313nam a2200133Ia 4500
005 20260326100035.0
008 260326s9999||||xx |||||||||||||| ||und||
100 _aTapié, Víctor Lucien
245 0 _aEl Barroco /
_cVíctor Lucien Tapié
260 _bEUDEBA
300 _a151 p.
650 _aARTE
942 _cBK
999 _c6759
_d6759